[Event "Balatonbereny GM"]
[Site "Balatonbereny"]
[Date "1996.??.??"]
[Round "7"]
[White "Nisipeanu, Liviu Dieter"]
[Black "Romanishin, Oleg M"]
[Result "0-1"]
[WhiteElo "2515"]
[BlackElo "2590"]
[Annotator "Hansen,LB"]
[PlyCount "88"]
[EventDate "1996.06.13"]
[EventType "tourn"]
[EventRounds "11"]
[EventCountry "HUN"]
[EventCategory "11"]
[SourceTitle "CBM 055"]
[Source "ChessBase"]
[SourceDate "1996.12.01"]
[SourceVersion "1"]
[SourceVersionDate "1996.12.01"]
[SourceQuality "1"]

1. e4 {Wedberg} e5 2. Nf3 Nc6 3. Bb5 a6 4. Ba4 Nf6 5. O-O Be7 6. Re1 b5 7. Bb3
d6 8. c3 O-O 9. h3 Na5 10. Bc2 c5 11. d4 Bb7 12. Nbd2 (12. d5) 12... cxd4 13.
cxd4 exd4 14. Nxd4 Re8 15. b3 (15. Nf1 Bf8 16. Ng3 {is the main line.}) 15...
Bf8 16. Bb2 g6 17. Rc1 (17. Qf3 Bg7 18. Rad1 Rc8 19. Bb1 b4 20. Nf1 d5 21. exd5
Qxd5 22. Qxd5 Nxd5 23. Be4 Nf4 24. Bxb7 Rxe1 25. Rxe1 Nxb7 26. Ba1 Nc5 $17 {
Popovic,P-Romanishin,O/Stara Pazova/1988/}) (17. b4 Nc6 18. Nxc6 Bxc6 19. Nb3 (
19. a3 {Wedberg} Bg7 20. Nb3 Rc8 21. f3 Bd7 22. Qd2 Be6 23. Na5 d5 24. e5 Nh5
25. Bb3 $13 {Shilov,I-Kuzmin,G/Voroshilovgrad op ;EXT 89op 1989/1/2-1/2 (61)})
19... Bg7 20. f3 Rc8 $132 {Salai,L-Romanishin,O/Novy Smokovec/1992/}) (17. Nf1
{Wedberg} Nc6 18. Nxc6 Bxc6 19. Ng3 Bg7 20. Qd2 Bb7 21. Rad1 Rc8 22. Bb1 $14 {
Nijboer,F-Dorfman,J/Amsterdam OHRA-B (01) ;CBM 20 1990/0-1 (56)}) (17. a4 {
Wedberg} b4 18. N4f3 (18. Ra2 Bg7 19. N4f3 Rc8 20. Re3 d5 21. Qb1 Qc7 22. Bxf6
Bxf6 $15 {0-1 Kotronias,V-Chiburdanidze,M/Geneve (08) ;CBM 21 1990 (37)}) 18...
Rc8 19. Rc1 Bh6 20. Bd3 Rxc1 21. Bxc1 Bg7 22. Bb2 Nd7 23. Bxg7 Kxg7 24. Nc4 Ne5
25. Nfxe5 dxe5 26. Nxa5 Qxa5 $10 {Balashov,Y-Beliavsky,A/URS-chT Azov ;CBM 25
1991/1/2-1/2 (54)}) 17... Bg7 18. Bd3 (18. b4 Nc4 $5 19. Nxc4 bxc4 20. Ba4 Rxe4
21. Nc6 $1 Qe8 22. Rxe4 Qxe4 23. Qxd6 Ne8 24. Qd7 Bxb2 25. Qxb7 Ra7 26. Qxa7
Bxc1 27. Qe7 $14 {Mainka,R-Smejkal,J/Bad Mergentheim/1989/}) 18... Nd7 19. b4
Ne5 $1 20. Bf1 Nac4 $1 21. Nxc4 Nxc4 22. Bxc4 bxc4 23. Qd2 (23. Rxc4 $2 d5 $1
24. Rc2 (24. exd5 $2 Qxd5 $19) (24. Nc6 $2 Bxc6 25. Rxc6 (25. Bxg7 dxc4 $19)
25... Bxb2 $19) 24... dxe4 $17 {^^, >< /^ a1-h8}) (23. Rxc4 $142 $10) 23... Rc8
24. f3 d5 $1 $17 {^^} 25. exd5 Qxd5 26. Bc3 Rcd8 27. Rxe8+ Rxe8 28. Qf2 h5 29.
Rd1 Qd6 30. Kh1 Qf4 31. Ba1 Qe3 32. Qxe3 Rxe3 33. Nc2 Rd3 $1 34. Rxd3 cxd3 35.
Bxg7 Kxg7 36. Ne3 Kf6 37. f4 $8 g5 $1 38. fxg5+ Kxg5 39. Kg1 Kf4 40. Kf2 Bc6 $1
$19 {/\ Ke4-d4-c3-+.Now White cannot eliminate the << through a2-a4 and b4-b5.}
(40... Ke4 41. a4 $1) 41. h4 f5 $1 (41... Ke4 42. g4 $1 {o^ <-> h}) 42. Nf1 (
42. g3+ Ke4 43. Nf1 Kd4 44. Ke1 Kc3 $19) 42... Ke5 43. Ke3 $6 (43. g3 Kd4 $19)
(43. Nd2 Kd4 $19) 43... f4+ $1 44. Kf2 (44. Kxd3 Bb5+ $19) 44... Kd4 0-1

[Event "Balatonbereny GM"]
[Site "Balatonbereny"]
[Date "1995.??.??"]
[Round "11"]
[White "Anka, Emil"]
[Black "Romanishin, Oleg M"]
[Result "1/2-1/2"]
[WhiteElo "2410"]
[BlackElo "2580"]
[Annotator "Hansen,LB"]
[PlyCount "147"]
[EventDate "1995.08.??"]
[EventType "tourn"]
[EventRounds "11"]
[EventCountry "HUN"]
[EventCategory "11"]
[SourceTitle "CBM 050"]
[Source "ChessBase"]
[SourceDate "1996.02.01"]
[SourceVersion "1"]
[SourceVersionDate "1996.02.01"]
[SourceQuality "1"]

1. e4 {Hecht} e5 2. Nf3 Nc6 3. Bb5 a6 4. Ba4 Nf6 5. O-O Be7 6. Re1 b5 7. Bb3 d6
8. c3 O-O 9. h3 Na5 10. Bc2 c5 11. d4 Bb7 12. d5 Nc4 13. b3 Nb6 14. a4 Bc8 15.
Qe2 $5 {Interesting. Romanishin has shown, that the variation 15.Be3, bxa4!?.
16.bxa4, Nc4 is OK for Black.} Bd7 16. Be3 bxa4 $5 $146 {Introducing a new
plan.} (16... g6 17. axb5 axb5 18. Rxa8 (18. Na3 $5) 18... Nxa8 19. b4 c4 20.
Nbd2 Nb6 21. Ra1 Qc7 22. Ra6 Rb8 23. Qe1 Bd8 24. Qa1 Qc8 25. Ra7 Rb7 $10 {
Almasi,Z-Hansen,LB/Tilburg/1994/}) (16... Qc7) 17. bxa4 Qe8 18. a5 Bb5 $1 19.
Bd3 Bxd3 20. Qxd3 Qb5 21. Qc2 Nc4 22. Nbd2 $1 Nxe3 23. Rxe3 Rfb8 24. Ree1 Bd8
25. Reb1 Qd7 26. Nc4 Rb5 27. Nfd2 Rab8 28. Kh2 g6 $6 {>< f6; >< <-> f} (28...
h5 $5) (28... Ne8 $5) 29. Rf1 $1 {/\ f4 >< <-> f} Nh5 30. Nb6 $1 $14 Bxb6 31.
axb6 R5xb6 32. Nc4 Rb3 33. Ra5 $1 (33. Rxa6 $2 Qb5 $19) 33... Nf6 34. Rfa1 Ne8
35. Rxa6 Qd8 36. g3 Qg5 $6 (36... Qf6 $5) 37. Kg2 (37. Nxd6 $2 Nxd6 38. Rxd6
Rb2 $19) 37... Kg7 $6 (37... Qf6) 38. Nxd6 $16 Nxd6 39. Rxd6 Rb2 40. Qd3 Rd2 $1
41. Qf3 Rbb2 $1 42. Rf1 Re2 43. Rd7 Qf6 44. Rc7 Qxf3+ 45. Kxf3 Rec2 46. Rxc5
Rb3 47. Ke3 Rbxc3+ 48. Rxc3 Rxc3+ {Hecht: T - T  Motive: 5-4 am K-Flügel; kein
Zusammenspiel zwischen wK + T} 49. Kd2 Rc4 50. f3 Rd4+ 51. Ke3 Ra4 52. Rd1 Kf8
$1 53. Rd3 h5 54. h4 Ra2 55. f4 exf4+ 56. Kxf4 Rf2+ 57. Ke3 Ra2 58. Rb3 Ke7 59.
e5 (59. Rb7+ $5) 59... Ra4 $1 {Cutting off the white K.} 60. Rb7+ (60. Rd3 {
Hecht} Rg4 61. Kf3 Ra4 62. Re3 Rd4 $14) 60... Ke8 61. d6 Ra1 $1 $14 {Only now,
when the white K can no longer hide at d6.} 62. Kd4 Rd1+ 63. Ke3 Re1+ 64. Kf4
Rf1+ 65. Ke4 Re1+ 66. Kd4 Rd1+ 67. Kc3 Rc1+ 68. Kd2 Rf1 $1 69. Re7+ Kd8 70. e6
fxe6 71. Rxe6 g5 $1 72. hxg5 (72. Re5 gxh4 73. gxh4 Kd7 74. Rxh5 Kxd6 $10)
72... Rf3 73. Re3 Rf5 74. Ke2 1/2-1/2

[Event "Balatonbereny GM"]
[Site "Balatonbereny"]
[Date "1995.??.??"]
[Round "6"]
[White "Fogarasi, Tibor"]
[Black "Romanishin, Oleg M"]
[Result "0-1"]
[WhiteElo "2515"]
[BlackElo "2580"]
[Annotator "Hansen,LB"]
[PlyCount "168"]
[EventDate "1995.08.??"]
[EventType "tourn"]
[EventRounds "11"]
[EventCountry "HUN"]
[EventCategory "11"]
[SourceTitle "CBM 050"]
[Source "ChessBase"]
[SourceDate "1996.02.01"]
[SourceVersion "1"]
[SourceVersionDate "1996.02.01"]
[SourceQuality "1"]

1. e4 e5 2. Nf3 Nc6 3. Bb5 a6 4. Ba4 Nf6 5. O-O Be7 6. Re1 b5 7. Bb3 d6 8. c3
O-O 9. h3 Na5 10. Bc2 c5 11. d4 Bb7 {Romanishin`s favorite line, in which he
is the leading expert.} 12. d5 Nc4 13. b3 Nb6 14. a4 Bc8 15. Be3 bxa4 $5 16.
bxa4 Nc4 $5 17. Bc1 Na5 $5 {An extraordinary manouvre, which Romanishin has
succesfully employed in several games.} 18. Qd3 (18. Nfd2 Nd7 19. Na3 Nb6 20.
Qe2 Qc7 21. Nac4 Nbxc4 22. Nxc4 Nxc4 23. Qxc4 a5 24. Qe2 Ba6 25. c4 Rfb8 $10 {
Loncar,R-Romanishin,O/Pula/1994/}) (18. Nbd2 Qc7 19. c4 Rb8 20. Ra2 g6 21. Bb2
Nh5 22. Bd3 Bd8 23. Bc3 f6 24. Bf1 Qg7 25. Qc2 Rf7 $10 {Anand,V-Romanishin,O/
New York PCA (4)/1994/}) 18... Nh5 $146 (18... c4 $6 19. Qe2 Qc7 20. Ba3 Nb3
21. Bxb3 cxb3 22. Nbd2 $16 {Anand,V-Romanishin,O/New York PCA (2)/1994/}) 19.
c4 Rb8 20. Bd2 g6 21. Qc3 Rb4 $1 {It is essential for Black to hold the
a5-square.} 22. Na3 (22. Qd3 Nf4 $1 $132 (22... Rb8 23. Qc3 Rb4 $10)) 22... Qc7
23. Rab1 Rxb1 24. Rxb1 Bd8 $1 25. Re1 Bd7 26. Qb2 Re8 27. Rb1 Qc8 28. Qc3 Bc7
$1 29. Nh2 Qd8 $1 30. Qf3 Qf6 31. Qd1 Nf4 $15 32. Kh1 Bc8 $1 {An instructive
plan: Black prepares the exchange of the black-squared bishops.} 33. Qe1 Qd8 $1
34. Qd1 Nb7 $1 35. Qf3 Ba5 $5 36. Bxa5 (36. Bxf4 exf4 37. Qxf4 Bb4 38. Qf3 Na5
$17 {>< c4}) 36... Qxa5 $15 37. Ng4 Rf8 38. Qe3 Qd8 39. Nh2 Kg7 40. Nf3 h6 41.
Kh2 Re8 42. Rb2 Na5 43. Qd2 Bd7 44. Bd1 Nh5 45. Qc3 Nf6 46. Bc2 Re7 47. Nb1 Be8
48. Nbd2 Rb7 49. Rxb7 Nxb7 50. Ne1 Qa5 $1 {Again a5 is the key-square for a
favorable piece-exchange!} 51. Qxa5 Nxa5 $17 {>< c4,a4} 52. Nd3 Nd7 53. Kg3 f5
54. f3 Nb6 55. Nb2 f4+ 56. Kf2 Kf6 57. h4 $1 g5 58. hxg5+ Kxg5 $1 59. Bd1 h5
60. Bc2 h4 61. Bd1 Bd7 62. Bc2 h3 63. gxh3 Kh4 64. Bd1 Kxh3 65. Bc2 Kh2 66. Bd1
Nb7 67. Bc2 a5 $1 {The a5-square is no longer needed. The N goes to the K-side
to help the K penetrate.} 68. Nf1+ Kh1 69. Nd2 Kh2 70. Nf1+ Kh3 71. Nd2 Nd8 72.
Nf1 Nf7 73. Bd1 Ng5 74. Bc2 Nh7 75. Bb3 Nf6 76. Bd1 Be8 77. Bc2 Nh5 78. Kg1 $2
(78. Bb3 $142 Ng3 79. Nd2 Kh2 {/\ Bd7, Nh1+, Kg3-/+}) 78... Ng3 79. Nd2 Ne2+
80. Kf2 Nc3 $19 81. Nb3 Ncxa4 82. Nd1 (82. Nxa4 Bxa4 $19) 82... Nxc4 83. Bd3
Nab6 84. Ke2 Kg3 {Instructive positional play!} 0-1

[Event "Schoeneck"]
[Site "Schoeneck"]
[Date "1996.??.??"]
[Round "8"]
[White "Luther, Thomas"]
[Black "Klovans, Janis"]
[Result "1-0"]
[WhiteElo "2495"]
[BlackElo "2530"]
[Annotator "Hecht,H"]
[PlyCount "135"]
[EventDate "1996.??.??"]
[EventType "tourn"]
[EventRounds "9"]
[EventCountry "GER"]
[SourceTitle "CBM 056"]
[Source "ChessBase"]
[SourceDate "1997.02.01"]
[SourceVersion "1"]
[SourceVersionDate "1997.02.01"]
[SourceQuality "1"]

1. e4 e5 2. Nf3 Nc6 3. Bb5 a6 4. Ba4 Nf6 5. O-O Be7 6. Re1 b5 7. Bb3 d6 8. c3
O-O 9. h3 Na5 10. Bc2 c5 11. d4 Nc6 12. d5 Na7 13. Nbd2 Bd7 14. Nf1 Nc8 15. Ng3
Re8 16. Nh2 Nb6 17. Rf1 b4 18. cxb4 cxb4 19. a3 Bb5 20. Bd3 bxa3 21. Rxa3 Nbd7
22. Ng4 Nc5 23. Bxb5 axb5 24. Nxf6+ Bxf6 25. Rxa8 Qxa8 26. b4 Na4 27. Qg4 g6
28. Bg5 Bxg5 29. Qxg5 Qd8 30. Qh6 Qe7 31. Rc1 Nb2 32. Rc3 Nc4 33. Nf5 Qf8 34.
Qh4 f6 35. Ne3 Nxe3 36. Rxe3 {[%csl Rb5,Rd6] [#]_|_ () für Weiß. Bis zum
R-Endspiel druckvolle Belagerung der schwarzen P-Schwächen.} Rc8 37. Ra3 Qe7
38. Ra5 Rb8 39. Qh6 Qc7 40. Kh2 Qb7 41. Qe3 Qc7 42. Ra6 Rb7 43. Qa3 Qd7 44. Qc1
Ra7 45. Rc6 f5 46. Qe3 fxe4 47. Qb6 Rb7 48. Rxd6 Qf7 (48... Rxb6 49. Rxd7 $16 {
[%csl Re4,Re5][%cal Rd7h7]}) 49. Qe3 Qf4+ 50. Qxf4 exf4 51. Re6 Kf7 52. Rxe4
Kf6 53. Re6+ Kf5 54. Rc6 Ke5 55. Rc5 Rb6 (55... g5 56. d6+) 56. h4 h5 57. Kg1
Rb7 58. Kf1 Ke4 59. Ke2 Rb8 60. Kd2 Kd4 61. Ke2 Ke4 62. d6 Rd8 63. Rxb5 Rxd6
64. Rc5 Ra6 65. Rc2 Ra1 66. Rb2 Kd4 67. b5 Kc3 68. b6 $1 1-0

[Event "Copenhagen BSF"]
[Site "Copenhagen"]
[Date "1995.??.??"]
[Round "3"]
[White "Leko, Peter"]
[Black "Hansen, Lars Bo"]
[Result "1-0"]
[WhiteElo "2555"]
[BlackElo "2580"]
[Annotator "Leko,P"]
[PlyCount "125"]
[EventDate "1995.03.??"]
[EventType "tourn"]
[EventRounds "11"]
[EventCountry "DEN"]
[EventCategory "12"]
[SourceTitle "CBM 046"]
[Source "ChessBase"]
[SourceDate "1995.06.01"]
[SourceVersion "1"]
[SourceVersionDate "1995.06.01"]
[SourceQuality "1"]

1. e4 e5 2. Nf3 Nc6 3. Bb5 a6 4. Ba4 Nf6 5. O-O Be7 6. Re1 b5 7. Bb3 d6 8. c3
O-O 9. h3 Na5 10. Bc2 c5 11. d4 cxd4 12. cxd4 Bb7 13. d5 Bc8 14. Bd3 $1 {N} (
14. Nc3) (14. Nbd2) 14... Bd7 15. Be3 g6 (15... Rc8 16. Nbd2 Nc4 17. Bxc4 bxc4
18. Qc2 $16) (15... Nc4 $6 16. Bxc4 bxc4 17. Nfd2 Qc7 18. Qc2 $16) 16. b4 Nb7 (
16... Nc4 17. Bxc4 bxc4 18. Nc3 $16) 17. Nc3 $1 (17. Nbd2 Nh5 $13) 17... Rc8 (
17... a5 $6 18. a3 axb4 19. axb4 Rxa1 20. Qxa1 Qa8 21. Qb2 $16) 18. Qd2 (18.
Qb3 $6 Qc7 $1 19. Rec1 Qb8 20. a4 bxa4 21. Nxa4 Rxc1+ 22. Rxc1 Rc8 $14) 18...
Nh5 (18... Qc7 19. Rec1 Qb8 20. a4 bxa4 21. Bxa6 $16) 19. a4 Qe8 (19... f5 20.
axb5 axb5 21. Bh6 Rf7 (21... fxe4 22. Bxf8 exf3 23. Bh6 fxg2 24. Kxg2 Bf8 25.
Bg5 Be7 26. Be3 $18) 22. Bxb5 Bxb5 23. Nxb5 fxe4 24. Rxe4 $18) 20. axb5 axb5
21. Ra7 Rb8 22. Bh6 Ng7 23. Qe2 Nd8 24. Rc1 $1 $16 (24. Rea1 $5 f5 25. exf5
gxf5 26. Nxe5 dxe5 27. Qxe5 Bf6 28. Qxb8 Bxc3 29. Rc1 Bd4 $13) 24... f6 $8 (
24... f5 $2 25. exf5 gxf5 26. Nxe5 $1 dxe5 27. Qxe5 Bf6 28. Qxb8 Bxc3 29. Qc7
$18) 25. Nxb5 (25. Nb1 $1 Rf7 (25... Nf7 26. Bxg7 Kxg7 27. Rcc7 Rd8 28. Nc3 $18
) 26. Rcc7 Bf8 27. Bxg7 Kxg7 28. Rxd7 $1 Rxd7 29. Bxb5 $18) 25... Bxb5 (25...
Rxb5 $2 26. Bxg7 Kxg7 27. Bxb5 Bxb5 28. Rxe7+ Qxe7 29. Qxb5 $18) 26. Bxb5 Qxb5
27. Qxb5 Rxb5 28. Rxe7 Nf7 29. Bd2 Nh5 (29... f5 30. Ng5 $1 $18) 30. g4 Nf4 31.
Bxf4 exf4 32. Rc4 (32. Nd4 $5 Rxb4 33. Ne6 Rxe4 34. Rcc7 g5 35. Nxf8 Rxe7 36.
Rxe7 Kxf8 $16) 32... Rbb8 33. Nd4 Rfe8 34. Rxe8+ Rxe8 35. Nc6 (35. f3 $1 Ne5
36. Rc6 $18 (36. Rc7 Rb8 37. b5 $18)) 35... Ne5 36. Rc3 Nd7 37. f3 Ra8 38. Ne7+
Kg7 (38... Kf7 39. Nc8 $18) 39. Nc8 (39. Rc7 Ne5 40. Nc6+ Kg8 41. Nxe5 fxe5 42.
Rc6 Rb8 43. Rxd6 Rxb4 44. Re6 Rb1+ 45. Kf2 Rb2+ 46. Ke1 Rb1+ 47. Kd2 Rb3 48.
Rxe5 Rxf3 49. d6 $18) 39... Kh6 $1 40. h4 (40. Nxd6 $6 Kg5) 40... Ra1+ 41. Kg2
Ra2+ 42. Kf1 f5 $5 43. gxf5 gxf5 44. Nxd6 fxe4 45. Nxe4 Rb2 46. Nc5 Nf6 (46...
Ne5 $5 47. Nd3 (47. Nb3 $6 Kh5 48. b5 Kxh4 49. b6 Kg3 $140 $13 50. b7 $2 Nxf3
$1) 47... Nxd3 48. Rxd3 Rxb4 49. d6 Rb8 50. d7 Rd8 51. Rd5 Kg6 52. Ke2 Kf6 53.
Kd3 Ke6 54. Ke4 Rxd7 55. Rxd7 Kxd7 56. Kxf4 $18) 47. d6 Rxb4 48. Rd3 Kh5 (48...
Rb8 49. d7 Rd8 50. Rd6 $1 $18) 49. d7 Nxd7 50. Rxd7 Kxh4 51. Ne4 (51. Nd3 $18)
51... h5 52. Rd5 Rb1+ (52... Rb2 53. Ke1 Ra2 54. Nd2 Rb2 55. Ke2 $18) 53. Ke2
Rb2+ 54. Nd2 Ra2 55. Kd3 Ra4 (55... Ra3+ 56. Ke4 Ra4+ 57. Rd4 Rxd4+ 58. Kxd4
Kg3 59. Ke5 $1 (59. Ke4 $2 h4 60. Nf1+ Kg2 61. Kxf4 Kxf1 62. Kg4 Kg2 $10) 59...
h4 60. Ke4 $1 h3 61. Nf1+ Kg2 62. Kxf4 Kxf1 63. Kg3 $18) 56. Rc5 Ra3+ 57. Ke4
Ra4+ 58. Rc4 Ra2 59. Kxf4 Kh3 (59... Rxd2 60. Ke3+ $18) 60. Ne4 Kg2 61. Ng5 Rf2
62. Kf5 Rf1 63. Rh4 {[Leko,P]} 1-0

[Event "EU-ch 12th"]
[Site "Aix les Bains"]
[Date "2011.04.02"]
[Round "11"]
[White "Akopian, Vladimir Eduardovic"]
[Black "Lenic, Luka"]
[Result "1/2-1/2"]
[WhiteElo "2675"]
[BlackElo "2623"]
[Annotator "Marchand,A/Primel,D"]
[PlyCount "76"]
[EventDate "2011.03.22"]
[EventType "swiss"]
[EventRounds "11"]
[EventCountry "FRA"]
[SourceTitle "CBM 142 Extra"]
[Source "ChessBase"]
[SourceDate "2011.06.27"]
[SourceVersion "1"]
[SourceVersionDate "2011.06.27"]
[SourceQuality "1"]
[TimeControl "40/5400+30:1800+30"]

1. e4 e5 2. Nf3 Nc6 3. Bb5 a6 4. Ba4 Nf6 5. O-O Be7 6. Re1 b5 7. Bb3 d6 8. c3
O-O 9. h3 Na5 (9... Be6 10. d4) 10. Bc2 c5 11. d4 Nd7 (11... Qc7) 12. a4 (12.
Kh1 Bb7 13. d5 Nc4 14. b3 Ncb6 15. a4 bxa4 16. bxa4 a5 17. Na3 f5 18. exf5 Nxd5
19. Nb5 Kh8 20. c4 Nb4 21. Bb1 Nb6 22. Nd2 Bf6 23. Qh5 d5 24. cxd5 N6xd5 25.
Ne4 Nf4 26. Bxf4 exf4 {Sutovsky,E (2692)-Lenic,L (2623)/Aix-les-Bains 2011/CBM
142/1-0 (37)}) (12. Nbd2 exd4 13. cxd4 Nc6 14. a4 Rb8) (12. dxc5 dxc5 13. Nbd2
Bb7 14. b3 (14. Nf1 Nc4 15. b3) 14... Qc7 15. Nf1 Nf6 $11 {Volokitin,A (2676)
-Ragger,M (2615) AUT-chT 1011 2010 (6.1) 1/2}) 12... Bb7 13. d5 Qc7 ({RR} 13...
c4 14. Na3 bxa4 15. Be3 Rc8 16. Bxa4 f5 17. exf5 Rxf5 18. Bc2 Rf7 19. Nb1 Nc5
20. Ra2 Nab3 21. Na3 Na5 22. Nh2 Nd7 23. Ng4 Nf8 24. Be4 Qc7 25. Nc2 Bd8 26.
Nb4 Qd7 27. Nh2 Ra8 28. Nf3 {Corrales Jimenez,F (2504)-Delchev,A (2618)/
Figueres 2008/CBM 125 Extra/1-0 (66)}) 14. Qe2 (14. b3 c4 $132 {Berelowitsch,A
(2563)-Lenic,L (2641) EU-Cup 27th Rogaska Slatina 2011 (2) 1/2}) 14... Nb6 {
[%csl Gc4]} 15. Bd2 bxa4 16. Bxa4 Nxa4 $11 17. Rxa4 Nb3 18. Be3 Rfb8 {[%csl
Rb2]} 19. Nbd2 Bc8 20. Nxb3 Rxb3 21. Rea1 a5 (21... Rab8 {[%csl Rb2]} 22. Bc1)
22. R4a2 Bd7 $1 {[%cal Gd7b5,Gb5e2]} 23. Nd2 Rb7 24. Qd1 Bb5 25. Ra3 (25. c4 {
[%csl Gd4]} Be8) 25... g6 26. R1a2 Kg7 (26... f5) 27. b3 Rba7 28. Qa1 {
Conformément au principe " des deux faiblesses", la pression des Blancs est
insuffisante pour jouer pour le gain} Ra6 29. c4 Bd7 30. Nb1 $6 {[%csl Rb3]
[%cal Gb1c3] Tentant mais l'affaiblissement du P"b3" va donner des ressources
tactiques aux Noirs} Rb6 {[%csl Rb3]} 31. Bd2 (31. Nc3) (31. Nd2 {Il vallait
peut-être encore mieux répéter les coups car les Noirs commencent а s'activer
dans la partie.}) 31... Qb7 $1 32. Rb2 a4 $1 33. Bc3 Rb8 34. Nd2 Bg5 $36 35.
Nf3 Bf6 (35... h6 36. Nxg5 hxg5 37. Bd2 f6 $15 {[%csl Ra3,Rb2,Rb3] Les pièces
Blanches sont mal placées}) 36. Nd2 Bg5 37. Nf3 Bf6 38. Nd2 {0h:06m:12s} Bg5 {
0h:01m:28s} 1/2-1/2

[Event "Moscow Tal Memorial 1st"]
[Site "Moscow"]
[Date "2006.11.15"]
[Round "8"]
[White "Leko, Peter"]
[Black "Mamedyarov, Shakhriyar"]
[Result "1/2-1/2"]
[WhiteElo "2741"]
[BlackElo "2728"]
[Annotator "Marin,M"]
[PlyCount "77"]
[EventDate "2006.11.06"]
[EventType "tourn"]
[EventRounds "9"]
[EventCountry "RUS"]
[EventCategory "20"]
[SourceTitle "CBM 116"]
[Source "ChessBase"]
[SourceDate "2007.02.01"]
[SourceVersion "1"]
[SourceVersionDate "2007.02.01"]
[SourceQuality "1"]

1. e4 e5 2. Nf3 Nc6 3. Bb5 a6 4. Ba4 Nf6 5. O-O Be7 6. Re1 b5 7. Bb3 d6 8. c3
O-O 9. h3 Na5 10. Bc2 c5 11. d4 Nd7 12. d5 Nb6 13. Nbd2 g6 {This seems to be
the newest trend in this variation.} ({Previously,} 13... f5 {has been played
almost exclusively, but White usually obtained the more pleasant position after
} 14. exf5 Bxf5 15. Bxf5 Rxf5 16. Ne4 {. I have made a Survey of this line in
my notes to Acs,P (2518)-Gschnitzer,O (2427)/Germany 2005/CBM 110/[Marin,M] 
(1-0, 41)}) 14. b4 $146 {Not a very typical continuation. White allows the
installment of an enemy knight on c4 in order to complete his development and
inhibit the kingside counterplay based on ...f5.} ({Against} 14. g4 {as played
in Zakharov,A-Vatnikov,J/Moscow 1966/MCD/ (1-0, 44), Black should play} f5 {
as mentioned in my previous notes.}) (14. Nf1 {Almasi,Z (2628)-Acs,P (2525)/
Paks 2005/CBM 108} f5 $11) 14... cxb4 {The most natural reaction.} ({However,} 
14... Nb7 {is also playable and more ambitious in fact. Generally speaking,
the knight stands badly on b7 in the Chigorin Ruy Lopez, but here Black
compensates with the posibility of a rapid kingside counterplay.} 15. Rb1 (15.
Nf1 a5 $132) (15. a4 bxa4 16. Bxa4 Nxa4 17. Qxa4 Bd7 18. Qb3 Qc7 {[%cal Yf8c8,
Yc5b4,Ya6a5,Gb7c5]}) 15... f5 $132 {If Black is allowed to block the kingside
with ...f4, he will have active possibilities on both wings. At the same time,}
16. exf5 gxf5 {would leave the d5-pawn vulnerable and the white knights
unstable.}) 15. cxb4 Nac4 16. Nxc4 Nxc4 17. Bh6 Re8 18. Bb3 Bd7 (18... f5 $6 {
would leave Black over-extended after} 19. exf5 gxf5 20. Rc1 $16 {when} Nb6 $2
{loses to} 21. Nxe5 $1) 19. Qe2 ({White's last chance to change the peaceful
course of the game was} 19. Bxc4 {, but giving up the pair of bishops would be
not without risk.} bxc4 20. Qc2 Qc7 21. Rec1 Rec8 22. Nd2 (22. a4 {, aiming to
answer ...a5 with b5 would probably be too slow, allowing Black strong
counterplay after} Rab8 23. Rab1 f5) 22... Rab8 23. a3 (23. Rab1 c3 24. Qd3 f5
$132) 23... c3 24. Nb1 a5 25. bxa5 Qxa5 26. Nxc3 f5 $44 {[%csl Ya3,Gc3,Yd5]})
19... Nb6 {Black has managed to stabilise the queenside, while on the kingside
he is out of danger anyway. White's advantage of space will gradually lose its
relevance after the following exchanges, making a draw the most logical result.
} 20. Rac1 Rc8 21. Be3 Rxc1 22. Rxc1 Qb8 23. Nd2 Rc8 24. Rxc8+ Nxc8 25. f4 Qc7
26. Nf3 Qc3 27. Qd2 Qxd2 28. Bxd2 f6 29. fxe5 fxe5 30. Nxe5 dxe5 31. d6+ Kg7
32. dxe7 Nxe7 33. h4 Bc6 34. Bc2 Nc8 35. Bc3 Kf6 36. Kf2 Nd6 37. Ke3 h6 38. Be1
Nc4+ 39. Kf3 1/2-1/2